Piccasso (notice nᵒ 10806)
[ vue normale ]
| 000 -Sello discográfico | |
|---|---|
| campo de control de longitud fija | 00905nam a2200337 4500 |
| 005 - Identificación de versión | |
| campo de control | 20251016084728.0 |
| 035 ## - Otros números de control del sistema | |
| Número de control del sistema | 12929 |
| 099 ## - fechas locales | |
| Tipo de ítem Koha | LIBRO |
| 100 ## - Datos de procesamiento general | |
| Datos de procesamiento general | 20040220d1956 m y1spay5003 ba |
| 105 ## - Campo de datos codificados: Material textual, monográfico | |
| Datos codificados de monografía | a 001zb |
| 200 1# - Título y mención de responsabilidad | |
| Título propio | Piccasso |
| Designación general del material | texto impreso |
| Otra información del título | leben und werk |
| Primer mención de responsabilidad | Frank Elgar, Robert Maillard |
| 210 ## - Publicación, distribución, etc. | |
| Lugar de publicación, distribución, etc. | München - Zürich |
| Nombre del editor, distribuidor, etc. | Droemersche Verlagsanstalt : Th. Knaur Nachf |
| Fecha de publicación, distribución, etc. | 1956 |
| 215 ## - Descripción física | |
| Designación de material específico y extensión del ítem | 315 p |
| Otras características físicas | il. |
| Dimensiones | 22 cm |
| 318 ## - Nota de acción | |
| Acción | No se presta a domicilio |
| 345 ## - Nota de información de adquisición | |
| Fuente de adquisición/dirección de la suscripción [OBSOLETO] | Intercambio |
| 600 ## - Nombre personal usado como materia | |
| Elemento de entrada | Picasso |
| Parte del nombre distinta del elemento de entrada | Pablo |
| Fechas | 1881-1973 |
| Número Koha | 1517 |
| 606 ## - Término temático usado como materia | |
| Elemento de entrada | Pintores españoles |
| Número Koha | 12831 |
| 676 ## - Clasificación Decimal Dewey | |
| Número | R759.6 E41p |
| 700 ## - Nombre personal - Responsabilidad primaria | |
| Elemento de entrada | Elgar |
| Parte del nombre distinta del elemento de entrada | Frank |
| Número Koha | 17318 |
| 801 #0 - Fuente de origen | |
| Agencia | cm |
| 900 ## - | |
| -- | 1/6549 |
| 900 ## - | |
| -- | 7100418311\200204 |
| 942 ## - ELEMENTOS DE ENTRADA SECUNDARIOS (KOHA) | |
| Tipo de ítem Koha | Livre |
Pas d'exemplaire disponible.